Score 0/52 Timer 09:00
0 Plays Today
answer % Correct
New York
78.8%
Virginia
78.1%
Go
76.6%
Cancer
74.7%
Leo
74.5%
Cinderella
74.4%
Labor Day
73.3%
Delaware
73.1%
The North
72.8%
Gluttony
72.1%
Connecticut
71.7%
Independence Day
70.8%
Greed
70.5%
Georgia
70.4%
Envy
69.8%
Maryland
69.7%
Capricorn
67.4%
North Carolina
67.2%
Ariel
63.6%
Belle
63.4%
Memorial Day
63.4%
Gemini
63%
Virgo
62.3%
Libra
60.6%
Birthday of Martin Luther King, Jr.
60%
Chance
60%
answer % Correct
Wrath
57.1%
Mulan
53.1%
Aurora
52.2%
Free Parking
52.2%
Pride
51.3%
Abbey Road
50.5%
Help!
50.3%
Heat [NBA]
48.2%
Jazz [NBA]
48%
Go To Jail
45.5%
Revolver
39.5%
Rapunzel
34.3%
Luxury Tax
34.1%
Income Tax
33.7%
Tiana
33.3%
Moana
31.1%
Magic [NBA]
29.9%
Thunder [NBA]
29.4%
Let It Be
27.1%
Wild [NHL]
26%
Merida
24.8%
Avalanche [NHL]
22.9%
Lightning [NHL]
19.2%
Dorne
18.1%
The Vale
16%
The Reach
13.9%

You're not logged in!

Compare scores with friends on all Sporcle quizzes.
OR
Log In

Sporcle TV

Today on Sporcle TV


Watch our educational content, quiz creation guides, and fun videos on Sporcle TV.

Show Comments

Extras

Top Quizzes Today


Score Distribution

Paid Content

Your Account Isn't Verified!

In order to create a playlist on Sporcle, you need to verify the email address you used during registration. Go to your Sporcle Settings to finish the process.

Report this User

Report this user for behavior that violates our Community Guidelines.

Details: